The falsification of Macedonian history
Αποθηκεύτηκε σε:
| Κύριος συγγραφέας: | |
|---|---|
| Άλλοι συγγραφείς: | |
| Μορφή: | Βιβλίο |
| Γλώσσα: | English |
| Δημοσίευση: |
Athens :
1984
|
| Θέματα: | |
| Ετικέτες: |
Προσθήκη ετικέτας
Δεν υπάρχουν, Καταχωρήστε ετικέτα πρώτοι!
|
MARC
| LEADER | 00000nam a2200000 i 4500 | ||
|---|---|---|---|
| 001 | 1/99893 | ||
| 008 | 950406s1984 eng d | ||
| 035 | |l 10011483 | ||
| 040 | |a GR-MY-UA |b gre |e aacr | ||
| 041 | 0 | |a eng | |
| 082 | 0 | |a 938.94 | |
| 100 | 1 | |a Μάρτης, Νικόλαος Κ. |d 1915- | |
| 245 | 1 | 4 | |a The falsification of Macedonian history / |c Nicolaos K. Martis ; Translated John Philip Smith |
| 260 | |a Athens : |c 1984 | ||
| 300 | |a 210 σ | ||
| 651 | 0 | |a Macedonia |x History. | |
| 700 | 1 | |a Smith, John Philip. |4 trl | |
| 852 | |a INST |b LESVOS |e 19950406 |h 938.94 ΜΑΡ |p 005100001824 |q 005100001824 |t BK |y 0 | ||
| 909 | |a Λ |b 022368 | ||
| 922 | |a 1ΔΩΡ |b 199003 | ||